000 00336nam a2200133Ia 4500
008 240624s9999 xx 000 0 und d
041 _aeng
082 _a828 GAN
100 _aGANDHI
245 _aHEALTHY LIVING ACCORDING TO GANDHI
260 _c2014
_aNew Delhi
_bOrient Publishing
300 _a160 : p. : cm. ; 26
365 _cRS
_b25
999 _c23682
_d23682